Seventeen Members - Statistics

General Stats
  • This quiz has been taken 3,413 times
  • The average score is 12 of 13
Answer Stats
Unit Member % Correct
Performance Hoshi
96%
Hip Hop S. Coups
96%
Hip Hop Vernon
96%
Vocal Woozi
96%
Vocal DK
95%
Hip Hop Mingyu
95%
Performance The8
95%
Performance Dino
94%
Vocal Joshua
94%
Performance Jun
94%
Hip Hop Wonwoo
93%
Vocal Seungkwan
92%
Vocal Jeonghan
90%
No matching quizzes found
Score Distribution
Percent of People with Each Score
Percentile by Number Answered
Your Score History
You have not taken this quiz